[Event "28. Obert La Pobla de Lillet"]
[Site "La Pobla de Lillet ESP"]
[Date "2018.08.01"]
[Round "1.1"]
[White "Simon Del Sol, Jaume"]
[Black "Movsziszian, Karen"]
[Result "0-1"]
[WhiteElo "1987"]
[BlackElo "2536"]
[PlyCount "74"]
[EventDate "2018.08.01"]
[EventType "swiss"]
[EventRounds "9"]
[EventCountry "ESP"]
[SourceTitle "Ajedrez en Madrid"]
[Source "lmi"]
[SourceDate "2018.08.01"]
[SourceVersion "1"]
[SourceVersionDate "2019.06.15"]
[SourceQuality "1"]

1. d4 e6 2. Nf3 g6 3. g3 Bg7 4. Bg2 Nf6 5. O-O O-O 6. c4 c6 7. Nc3 Qb6 8. b3 e5
9. Bb2 e4 10. Ng5 d5 11. c5 Qd8 12. Nh3 Na6 13. a3 Re8 14. e3 Bg4 15. Qd2 Qd7
16. Nf4 g5 17. Nfe2 Bf3 18. h3 h5 19. Kh2 h4 20. gxh4 g4 21. Nf4 Bh6 22. Bxf3
gxf3 23. Rg1+ Kh7 24. Rg5 Nc7 25. Rag1 Ne6 26. R1g3 Rg8 27. Nxe6 Qxe6 28. Re5
Qd7 29. Qe1 Rg7 30. Rxg7+ Bxg7 31. Qg1 Bh6 32. Rg5 Bxg5 33. hxg5 Nh5 34. g6+
fxg6 35. b4 Rf8 36. b5 Rf5 37. bxc6 bxc6 0-1

[Event "28. Obert La Pobla de Lillet"]
[Site "La Pobla de Lillet ESP"]
[Date "2018.08.01"]
[Round "1.3"]
[White "Fabre Massana, Miquel"]
[Black "Fernandez Cardoso, Alexey"]
[Result "0-1"]
[WhiteElo "1979"]
[BlackElo "2403"]
[PlyCount "36"]
[EventDate "2018.08.01"]
[EventType "swiss"]
[EventRounds "9"]
[EventCountry "ESP"]
[SourceTitle "Ajedrez en Madrid"]
[Source "lmi"]
[SourceDate "2018.08.01"]
[SourceVersion "1"]
[SourceVersionDate "2019.06.15"]
[SourceQuality "1"]

1. d4 d5 2. c4 c6 3. Nc3 Nf6 4. Bg5 e6 5. cxd5 exd5 6. e3 Nbd7 7. Bd3 Be7 8.
Nge2 O-O 9. Ng3 h6 10. h4 Re8 11. Nf5 Nf8 12. Nxe7+ Qxe7 13. Qf3 hxg5 14. hxg5
N6h7 15. O-O-O Qxg5 16. Bxh7+ Nxh7 17. Rxh7 Kxh7 18. Qxf7 Re6 0-1

[Event "28. Obert La Pobla de Lillet"]
[Site "La Pobla de Lillet ESP"]
[Date "2018.08.01"]
[Round "1.4"]
[White "Alarcon Casellas, Rolando"]
[Black "Masachs Vendrell, Francesc"]
[Result "1-0"]
[WhiteElo "2385"]
[BlackElo "1969"]
[PlyCount "51"]
[EventDate "2018.08.01"]
[EventType "swiss"]
[EventRounds "9"]
[EventCountry "ESP"]
[SourceTitle "Ajedrez en Madrid"]
[Source "lmi"]
[SourceDate "2018.08.01"]
[SourceVersion "1"]
[SourceVersionDate "2019.06.15"]
[SourceQuality "1"]

1. d4 Nf6 2. Bg5 d5 3. e3 Bf5 4. Bxf6 exf6 5. Bd3 Qd7 6. Ne2 Bd6 7. c3 Nc6 8.
Bxf5 Qxf5 9. Nd2 Ne7 10. Qb3 O-O 11. c4 b6 12. cxd5 Qxd5 13. Qxd5 Nxd5 14. Nc3
Nxc3 15. bxc3 f5 16. g3 Rfe8 17. Nc4 Bf8 18. Ke2 g6 19. a4 Rad8 20. Rhb1 Bg7
21. a5 c5 22. axb6 axb6 23. Kf1 Ra8 24. Nxb6 Rxa1 25. Rxa1 Rb8 26. Nd7 1-0

[Event "28. Obert La Pobla de Lillet"]
[Site "La Pobla de Lillet ESP"]
[Date "2018.08.01"]
[Round "1.5"]
[White "Ribera Sellares, Pere"]
[Black "Mellado Trivino, Joan"]
[Result "0-1"]
[WhiteElo "1961"]
[BlackElo "2362"]
[PlyCount "64"]
[EventDate "2018.08.01"]
[EventType "swiss"]
[EventRounds "9"]
[EventCountry "ESP"]
[SourceTitle "Ajedrez en Madrid"]
[Source "lmi"]
[SourceDate "2018.08.01"]
[SourceVersion "1"]
[SourceVersionDate "2019.06.15"]
[SourceQuality "1"]

1. d4 d5 2. c4 dxc4 3. e3 e5 4. Bxc4 exd4 5. exd4 Nf6 6. Nf3 Bd6 7. O-O O-O 8.
Nc3 Nc6 9. h3 Bf5 10. Re1 h6 11. d5 Ne7 12. Nd4 Bg6 13. Ndb5 Nc8 14. Qf3 a6 15.
Nxd6 Nxd6 16. Bb3 Nd7 17. Be3 Re8 18. Bd4 Qg5 19. Be3 Ne5 20. Qf4 Qd8 21. Bd4
Nd3 22. Rxe8+ Qxe8 23. Qd2 Qe7 24. Na4 Qh4 25. Be3 Re8 26. Nc5 Ne5 27. Bc2 Nec4
28. Qc3 Bxc2 29. Qxc2 Nxe3 30. fxe3 Rxe3 31. Rf1 Qd4 32. Nb3 Rxb3+ 0-1

[Event "28. Obert La Pobla de Lillet"]
[Site "La Pobla de Lillet ESP"]
[Date "2018.08.01"]
[Round "1.6"]
[White "Cervello Tost, Ferran"]
[Black "Riera Sola, Lluis"]
[Result "1-0"]
[WhiteElo "2326"]
[BlackElo "1953"]
[PlyCount "121"]
[EventDate "2018.08.01"]
[EventType "swiss"]
[EventRounds "9"]
[EventCountry "ESP"]
[SourceTitle "Ajedrez en Madrid"]
[Source "lmi"]
[SourceDate "2018.08.01"]
[SourceVersion "1"]
[SourceVersionDate "2019.06.15"]
[SourceQuality "1"]

1. d4 Nf6 2. Nf3 g6 3. g3 Bg7 4. Bg2 O-O 5. c4 d6 6. O-O Nbd7 7. Nc3 c5 8. b3
Rb8 9. Bb2 b6 10. Qc2 a6 11. a4 Ne8 12. Rad1 Nc7 13. e4 e5 14. dxe5 dxe5 15.
Bh3 Ne6 16. Bxe6 fxe6 17. Nh4 Qe7 18. Qd3 Bf6 19. Ng2 Rb7 20. Ne2 Nb8 21. Qd6
Qxd6 22. Rxd6 Be7 23. Rd2 Nc6 24. f4 Nd4 25. Nc1 Rd7 26. Bxd4 Rxd4 27. Rxd4
exd4 28. Nd3 Bb7 29. Re1 Bc6 30. f5 exf5 31. exf5 Bd8 32. fxg6 hxg6 33. Re6 Rf6
34. Re1 Bc7 35. Ngf4 Bxf4 36. gxf4 a5 37. Kf2 Bd7 38. Rg1 Bf5 39. Ne5 Kh7 40.
Rc1 Rd6 41. Nf7 Rd7 42. Ng5+ Kh6 43. Nf3 Re7 44. Ne5 Kg7 45. h4 Kf6 46. Rg1 Rh7
47. Rh1 Bc2 48. Kg3 Rb7 49. h5 gxh5 50. Rxh5 Bxb3 51. Rh6+ Kg7 52. Rd6 Bxa4 53.
f5 Be8 54. f6+ Kf8 55. Rd8 Ra7 56. Kf4 a4 57. Kf5 a3 58. Ke6 a2 59. Ng6+ Kg8
60. Rxe8+ Kh7 61. Kf5 1-0

[Event "28. Obert La Pobla de Lillet"]
[Site "La Pobla de Lillet ESP"]
[Date "2018.08.01"]
[Round "1.7"]
[White "Blasco Cusido, Francesc"]
[Black "Touzane, Olivier"]
[Result "1-0"]
[WhiteElo "1929"]
[BlackElo "2301"]
[PlyCount "49"]
[EventDate "2018.08.01"]
[EventType "swiss"]
[EventRounds "9"]
[EventCountry "ESP"]
[SourceTitle "Ajedrez en Madrid"]
[Source "lmi"]
[SourceDate "2018.08.01"]
[SourceVersion "1"]
[SourceVersionDate "2019.06.15"]
[SourceQuality "1"]

1. e4 e6 2. d3 b5 3. Nd2 Bb7 4. Ngf3 g5 5. Nb3 h6 6. g3 d5 7. Na5 Bb4+ 8. Bd2
Bxa5 9. Bxa5 dxe4 10. dxe4 Bxe4 11. Qe2 Qd5 12. Bg2 g4 13. Nh4 Bxg2 14. Nxg2
Qxg2 15. O-O-O Qc6 16. Bc3 Rh7 17. Qd3 f5 18. Qd8+ Kf7 19. Rhe1 b4 20. Bxb4 Na6
21. Qd7+ Ne7 22. Qxe7+ Kg8 23. Rd8+ Rxd8 24. Qxd8+ Kf7 25. Qe7+ 1-0

[Event "28. Obert La Pobla de Lillet"]
[Site "La Pobla de Lillet ESP"]
[Date "2018.08.01"]
[Round "1.8"]
[White "Renteria, Jorge"]
[Black "Lucas Ara, Alejandro"]
[Result "1-0"]
[WhiteElo "2280"]
[BlackElo "1929"]
[PlyCount "49"]
[EventDate "2018.08.01"]
[EventType "swiss"]
[EventRounds "9"]
[EventCountry "ESP"]
[SourceTitle "Ajedrez en Madrid"]
[Source "lmi"]
[SourceDate "2018.08.01"]
[SourceVersion "1"]
[SourceVersionDate "2019.06.15"]
[SourceQuality "1"]

1. e4 c5 2. Nf3 d6 3. d4 cxd4 4. Qxd4 Nc6 5. Bb5 Bd7 6. Bxc6 bxc6 7. c4 e5 8.
Qd3 Nf6 9. Nc3 Be7 10. Bg5 Be6 11. Rd1 a5 12. b3 Qc7 13. Bxf6 gxf6 14. Nh4 h5
15. h3 O-O-O 16. O-O Qb6 17. Na4 Qa6 18. Qe3 Kc7 19. Rd3 Rdg8 20. Rfd1 Rg5 21.
f4 exf4 22. Qxf4 Qa7+ 23. c5 Rxc5 24. Nxc5 Qxc5+ 25. Kh1 1-0

[Event "28. Obert La Pobla de Lillet"]
[Site "La Pobla de Lillet ESP"]
[Date "2018.08.01"]
[Round "1.9"]
[White "Corriguelas Armillas, Frederic"]
[Black "Longa Yauca, Javier"]
[Result "1-0"]
[WhiteElo "1918"]
[BlackElo "2268"]
[PlyCount "75"]
[EventDate "2018.08.01"]
[EventType "swiss"]
[EventRounds "9"]
[EventCountry "ESP"]
[SourceTitle "Ajedrez en Madrid"]
[Source "lmi"]
[SourceDate "2018.08.01"]
[SourceVersion "1"]
[SourceVersionDate "2019.06.15"]
[SourceQuality "1"]

1. e4 Nf6 2. e5 Nd5 3. Nc3 c6 4. Nf3 d6 5. d4 Nxc3 6. bxc3 d5 7. Bd3 Bg4 8. h3
Bh5 9. g4 Bg6 10. e6 Qc8 11. exf7+ Bxf7 12. Ng5 Bg8 13. Bf5 Qc7 14. Qf3 Qd6 15.
Bf4 Qf6 16. Be5 Qxg5 17. h4 Qf6 18. Bxf6 gxf6 19. Bc8 a5 20. Bxb7 Ra7 21. Rb1
Be6 22. Qf4 Nd7 23. Bxc6 Kf7 24. Bxd7 Rxd7 25. g5 h6 26. g6+ Kxg6 27. O-O Kf7
28. h5 Rd6 29. Rb7 Rd7 30. Qg3 Bf5 31. Rxd7 Bxd7 32. Qc7 Bb5 33. Qxa5 Bc4 34.
a4 Bg7 35. Qb6 Ra8 36. a5 Ra6 37. Qc7 Bf8 38. Kh2 1-0

[Event "28. Obert La Pobla de Lillet"]
[Site "La Pobla de Lillet ESP"]
[Date "2018.08.01"]
[Round "1.10"]
[White "Gomez Jurado, Luis Alberto"]
[Black "Povill Batlle, Ramon"]
[Result "1-0"]
[WhiteElo "2256"]
[BlackElo "1916"]
[PlyCount "87"]
[EventDate "2018.08.01"]
[EventType "swiss"]
[EventRounds "9"]
[EventCountry "ESP"]
[SourceTitle "Ajedrez en Madrid"]
[Source "lmi"]
[SourceDate "2018.08.01"]
[SourceVersion "1"]
[SourceVersionDate "2019.06.15"]
[SourceQuality "1"]

1. Nf3 Nf6 2. g3 g6 3. Bg2 Bg7 4. O-O O-O 5. c4 d6 6. Nc3 c5 7. d3 Nc6 8. a3
Bd7 9. Rb1 Qc8 10. b4 b6 11. Nd5 Nxd5 12. cxd5 Nd4 13. Nxd4 Bxd4 14. Bb2 Bxb2
15. Rxb2 Qa6 16. Qb3 Ba4 17. Qc4 Bb5 18. Qh4 Rfe8 19. bxc5 bxc5 20. Rfb1 Bd7
21. Rb7 Qa4 22. Qxa4 Bxa4 23. Bh3 Kf8 24. Bd7 Bxd7 25. Rxd7 Red8 26. Rxd8+ Rxd8
27. Rb7 Ra8 28. a4 f5 29. a5 a6 30. f4 Kf7 31. Kf2 Kf6 32. Rb6 h6 33. e4 fxe4
34. dxe4 g5 35. Ke3 Ra7 36. e5+ Kf5 37. exd6 gxf4+ 38. gxf4 e5 39. dxe6 Kxe6
40. Ke4 h5 41. f5+ Kf6 42. Rc6 Ra8 43. d7+ Ke7 44. Rc8 1-0

[Event "28. Obert La Pobla de Lillet"]
[Site "La Pobla de Lillet ESP"]
[Date "2018.08.01"]
[Round "1.11"]
[White "Guasch Murtra, Josep Maria"]
[Black "Castillo Dalmau, Albert"]
[Result "0-1"]
[WhiteElo "1902"]
[BlackElo "2225"]
[PlyCount "105"]
[EventDate "2018.08.01"]
[EventType "swiss"]
[EventRounds "9"]
[EventCountry "ESP"]
[SourceTitle "Ajedrez en Madrid"]
[Source "lmi"]
[SourceDate "2018.08.01"]
[SourceVersion "1"]
[SourceVersionDate "2019.06.15"]
[SourceQuality "1"]

1. d4 Nf6 2. c4 e6 3. Nc3 Bb4 4. Nf3 O-O 5. e3 c5 6. Bd3 d5 7. O-O dxc4 8. Bxc4
Nbd7 9. a3 Ba5 10. Nb5 a6 11. Nd6 b5 12. Nxf7 Rxf7 13. Bxe6 Qe7 14. Bxf7+ Qxf7
15. dxc5 Nxc5 16. b4 Nb3 17. Rb1 Nxc1 18. bxa5 Na2 19. Ng5 Qd5 20. Qf3 Bb7 21.
Qxd5+ Bxd5 22. Nh3 Nc3 23. Rb2 Bc4 24. Re1 Rd8 25. f3 Na4 26. Rbb1 Nc3 27. Rb2
h6 28. e4 g5 29. Nf2 Kf7 30. Rc2 Na4 31. g3 Nc5 32. e5 Nd5 33. Ng4 h5 34. e6+
Ke7 35. Ne5 Rd6 36. Nxc4 bxc4 37. Rxc4 Nxe6 38. f4 gxf4 39. gxf4 Kf6 40. Rec1
Ndxf4 41. Rc6 Rd2 42. Rf1 Kg5 43. Rxa6 Ra2 44. Ra8 Kg4 45. a6 Rxa3 46. a7 Nh3+
47. Kh1 Nhg5 48. Rb1 Kf3 49. Rh8 Rxa7 50. Rxh5 Ra2 51. Rh8 Ne4 52. h4 Ng3+ 53.
Kg1 0-1

[Event "28. Obert La Pobla de Lillet"]
[Site "La Pobla de Lillet ESP"]
[Date "2018.08.02"]
[Round "2.1"]
[White "Movsziszian, Karen"]
[Black "Toquero Gracia, Pau"]
[Result "1-0"]
[WhiteElo "2536"]
[BlackElo "2071"]
[PlyCount "51"]
[EventDate "2018.08.01"]
[EventType "swiss"]
[EventRounds "9"]
[EventCountry "ESP"]
[SourceTitle "Ajedrez en Madrid"]
[Source "lmi"]
[SourceDate "2018.08.01"]
[SourceVersion "1"]
[SourceVersionDate "2019.06.15"]
[SourceQuality "1"]

1. g3 d6 2. Bg2 c6 3. c4 Nd7 4. Nc3 Ngf6 5. b4 Ne5 6. d3 Qb6 7. Rb1 Nfg4 8. Nh3
Bd7 9. b5 Qc7 10. Nf4 Rc8 11. O-O Ng6 12. Qa4 Nxf4 13. Bxf4 e5 14. Bd2 a6 15.
bxa6 bxa6 16. Qxa6 Qd8 17. Rb7 h5 18. Rfb1 h4 19. Rxd7 Kxd7 20. Rb7+ Ke6 21.
Bxc6 hxg3 22. Bd5+ Kf5 23. hxg3 Rc7 24. Be4+ Ke6 25. Qa5 Qf6 26. Bd5+ 1-0

[Event "28. Obert La Pobla de Lillet"]
[Site "La Pobla de Lillet ESP"]
[Date "2018.08.02"]
[Round "2.2"]
[White "Fernandez Cardoso, Alexey"]
[Black "Arnijas Fabregas, Marc"]
[Result "1-0"]
[WhiteElo "2403"]
[BlackElo "2034"]
[PlyCount "63"]
[EventDate "2018.08.01"]
[EventType "swiss"]
[EventRounds "9"]
[EventCountry "ESP"]
[SourceTitle "Ajedrez en Madrid"]
[Source "lmi"]
[SourceDate "2018.08.01"]
[SourceVersion "1"]
[SourceVersionDate "2019.06.15"]
[SourceQuality "1"]

1. e4 a6 2. d4 g6 3. Nc3 Bg7 4. Be3 b5 5. Qd2 Bb7 6. f3 d6 7. g4 h5 8. gxh5
Rxh5 9. Nge2 Nd7 10. Ng3 Rh8 11. O-O-O Ngf6 12. Kb1 Rc8 13. Qg2 c5 14. h4 Nh5
15. Nxh5 Rxh5 16. Ne2 cxd4 17. Nxd4 Bf6 18. Bg5 Qb6 19. Bxf6 Nxf6 20. Bd3 Kd8
21. Ne2 Kc7 22. Ng3 Rhh8 23. c4 b4 24. h5 gxh5 25. Nf5 Rcg8 26. Qh2 Kd8 27. e5
Ne8 28. Be4 Bxe4+ 29. fxe4 Rg4 30. exd6 e6 31. Qe5 Rhg8 32. d7 1-0

[Event "28. Obert La Pobla de Lillet"]
[Site "La Pobla de Lillet ESP"]
[Date "2018.08.02"]
[Round "2.3"]
[White "Barcelo Sola, David"]
[Black "Alarcon Casellas, Rolando"]
[Result "0-1"]
[WhiteElo "2054"]
[BlackElo "2385"]
[PlyCount "114"]
[EventDate "2018.08.01"]
[EventType "swiss"]
[EventRounds "9"]
[EventCountry "ESP"]
[SourceTitle "Ajedrez en Madrid"]
[Source "lmi"]
[SourceDate "2018.08.01"]
[SourceVersion "1"]
[SourceVersionDate "2019.06.15"]
[SourceQuality "1"]

1. e4 e6 2. d4 d5 3. Nc3 Bb4 4. e5 c5 5. a3 Bxc3+ 6. bxc3 Ne7 7. Bd3 c4 8. Be2
Bd7 9. Nh3 Ba4 10. Nf4 Qa5 11. Bd2 Na6 12. Nh5 Rg8 13. O-O O-O-O 14. Rb1 Kb8
15. f4 Rdf8 16. Bg4 Nc7 17. Re1 Bd7 18. Ng3 g6 19. Nf1 h5 20. Bh3 Rh8 21. Qc1
Nf5 22. Qb2 Bc6 23. Bxf5 gxf5 24. Qb4 Qa6 25. Re3 Ba4 26. Rb2 Qc6 27. Be1 Re8
28. Rh3 b6 29. Ng3 h4 30. Nf1 Kc8 31. Rxh4 Na6 32. Qd6 Qxd6 33. exd6 Kd7 34.
Ne3 Kxd6 35. Rxh8 Rxh8 36. h4 Nc7 37. Kh2 Ne8 38. g4 fxg4 39. Nxg4 Ng7 40. Ne5
Be8 41. Kh3 f6 42. Ng4 Kc7 43. Rb1 Bg6 44. Ne3 Nf5 45. Nxf5 Bxf5+ 46. Kh2 Bxc2
47. Rb2 Be4 48. Bg3 Kd7 49. Kg1 Kc6 50. Rh2 Kb5 51. h5 Ka4 52. h6 Kxa3 53. Kf2
Kb3 54. Ke3 a5 55. Kd2 a4 56. Kc1 a3 57. f5 Rxh6 0-1

[Event "28. Obert La Pobla de Lillet"]
[Site "La Pobla de Lillet ESP"]
[Date "2018.08.02"]
[Round "2.4"]
[White "Mellado Trivino, Joan"]
[Black "Moya Arau, Carles"]
[Result "1/2-1/2"]
[WhiteElo "2362"]
[BlackElo "2034"]
[PlyCount "33"]
[EventDate "2018.08.01"]
[EventType "swiss"]
[EventRounds "9"]
[EventCountry "ESP"]
[SourceTitle "Ajedrez en Madrid"]
[Source "lmi"]
[SourceDate "2018.08.01"]
[SourceVersion "1"]
[SourceVersionDate "2019.06.15"]
[SourceQuality "1"]

1. e4 c5 2. Nf3 e6 3. b3 d5 4. exd5 exd5 5. Bb2 Nf6 6. Bb5+ Bd7 7. Qe2+ Qe7 8.
Bxf6 Qxe2+ 9. Bxe2 gxf6 10. Nc3 Be6 11. d4 Nc6 12. O-O-O O-O-O 13. Na4 Nxd4 14.
Nxd4 cxd4 15. Rxd4 Kb8 16. Rhd1 Rc8 17. Kb1 1/2-1/2

[Event "28. Obert La Pobla de Lillet"]
[Site "La Pobla de Lillet ESP"]
[Date "2018.08.02"]
[Round "2.5"]
[White "Prats Rodriguez, Joan Bosco"]
[Black "Cervello Tost, Ferran"]
[Result "1/2-1/2"]
[WhiteElo "2034"]
[BlackElo "2326"]
[PlyCount "87"]
[EventDate "2018.08.01"]
[EventType "swiss"]
[EventRounds "9"]
[EventCountry "ESP"]
[SourceTitle "Ajedrez en Madrid"]
[Source "lmi"]
[SourceDate "2018.08.01"]
[SourceVersion "1"]
[SourceVersionDate "2019.06.15"]
[SourceQuality "1"]

1. e4 c6 2. d4 d5 3. e5 c5 4. dxc5 Nc6 5. Nf3 Bg4 6. c3 e6 7. Be3 Nge7 8. Nbd2
Nf5 9. Bd4 Nfxd4 10. cxd4 Qa5 11. b4 Qxb4 12. Rb1 Bxf3 13. Qxf3 Qxd4 14. Rxb7
Qa1+ 15. Rb1 Qxe5+ 16. Kd1 Bxc5 17. Bb5 Qd6 18. Rc1 O-O 19. Bxc6 Qxc6 20. Nb3
Qa4 21. Rxc5 Qxa2 22. Re1 Rab8 23. Re3 h6 24. Ke1 Qa3 25. Ra5 Qb4+ 26. Kf1 Qc4+
27. Ke1 Qc7 28. Qg3 Qc2 29. Rc5 Qb1+ 30. Rc1 Qb2 31. Rc5 Rb4 32. Qf3 a5 33.
Rxa5 Rc8 34. Qd1 Rf4 35. Re2 Qc3+ 36. Kf1 Rb8 37. Re3 Qc7 38. Ra1 Rh4 39. h3
Rhb4 40. Kg1 Qb6 41. Nd2 Rd4 42. Qc1 Qd6 43. Nf3 Rdb4 44. Rc3 1/2-1/2

[Event "28. Obert La Pobla de Lillet"]
[Site "La Pobla de Lillet ESP"]
[Date "2018.08.02"]
[Round "2.6"]
[White "Menac Comas, Joan Ramon"]
[Black "Renteria, Jorge"]
[Result "0-1"]
[WhiteElo "2031"]
[BlackElo "2280"]
[PlyCount "82"]
[EventDate "2018.08.01"]
[EventType "swiss"]
[EventRounds "9"]
[EventCountry "ESP"]
[SourceTitle "Ajedrez en Madrid"]
[Source "lmi"]
[SourceDate "2018.08.01"]
[SourceVersion "1"]
[SourceVersionDate "2019.06.15"]
[SourceQuality "1"]

1. e4 c5 2. Nf3 d6 3. Nc3 a6 4. g3 b5 5. d4 cxd4 6. Nxd4 e5 7. Nf5 Nf6 8. Bg5
Bxf5 9. exf5 Be7 10. Bg2 Ra7 11. Bxf6 Bxf6 12. O-O O-O 13. Qd3 Rc7 14. a4 e4
15. Nxe4 Bxb2 16. Ra2 Be5 17. f4 Nc6 18. fxe5 Nb4 19. Qb3 Nxa2 20. exd6 Rc4 21.
axb5 Qb6+ 22. Kh1 Qxb5 23. Qxa2 Rxe4 24. Rd1 Qe5 25. Rf1 Rd4 26. Qxa6 Rxd6 27.
Qb7 Rfd8 28. Qf3 Qc5 29. Rf2 h5 30. Bf1 Rd2 31. Rxd2 Rxd2 32. Bd3 Qa3 33. Qf1
Qa8+ 34. Kg1 Qa7+ 35. Kh1 Qe3 36. f6 Rf2 37. Qd1 g6 38. Bxg6 fxg6 39. Qd8+ Kf7
40. Qd7+ Kxf6 41. Qd8+ Kg7 0-1

[Event "28. Obert La Pobla de Lillet"]
[Site "La Pobla de Lillet ESP"]
[Date "2018.08.02"]
[Round "2.7"]
[White "Tejero Royo, Fermi"]
[Black "Gomez Jurado, Luis Alberto"]
[Result "0-1"]
[WhiteElo "1988"]
[BlackElo "2256"]
[PlyCount "80"]
[EventDate "2018.08.01"]
[EventType "swiss"]
[EventRounds "9"]
[EventCountry "ESP"]
[SourceTitle "Ajedrez en Madrid"]
[Source "lmi"]
[SourceDate "2018.08.01"]
[SourceVersion "1"]
[SourceVersionDate "2019.06.15"]
[SourceQuality "1"]

1. e4 c6 2. d4 d5 3. e5 Bf5 4. Bd3 Bxd3 5. Qxd3 e6 6. Nf3 Qa5+ 7. Bd2 Qa6 8.
Nc3 Qxd3 9. cxd3 Ne7 10. Ke2 h5 11. Rhb1 Nf5 12. b4 Nd7 13. a4 Be7 14. g3 g5
15. Bxg5 Bxg5 16. Nxg5 Nxd4+ 17. Kf1 Nxe5 18. Ne2 Nxe2 19. Kxe2 Ke7 20. f4 f6
21. fxe5 fxg5 22. d4 Rac8 23. Rb3 h4 24. Kf3 Rcf8+ 25. Kg4 Rf2 26. b5 c5 27.
dxc5 Rxh2 28. c6 hxg3 29. cxb7 R2h4+ 30. Kf3 g2 31. Rbb1 Rb8 32. Rg1 Re4 33.
Rxg2 Rxe5 34. Rh1 Rf5+ 35. Ke3 Rxb7 36. Rh7+ Rf7 37. Rh5 a6 38. bxa6 Rb3+ 39.
Kd4 Rf4+ 40. Kc5 Rc4# 0-1

[Event "28. Obert La Pobla de Lillet"]
[Site "La Pobla de Lillet ESP"]
[Date "2018.08.02"]
[Round "2.8"]
[White "Castillo Dalmau, Albert"]
[Black "Blasco Cusido, Francesc"]
[Result "1-0"]
[WhiteElo "2225"]
[BlackElo "1929"]
[PlyCount "87"]
[EventDate "2018.08.01"]
[EventType "swiss"]
[EventRounds "9"]
[EventCountry "ESP"]
[SourceTitle "Ajedrez en Madrid"]
[Source "lmi"]
[SourceDate "2018.08.01"]
[SourceVersion "1"]
[SourceVersionDate "2019.06.15"]
[SourceQuality "1"]

1. c4 e5 2. g3 Nc6 3. Bg2 g6 4. Nc3 Bg7 5. e4 Nd4 6. Nge2 Nxe2 7. Nxe2 Ne7 8.
O-O O-O 9. d4 d6 10. Bg5 h6 11. Be3 f5 12. Qd2 g5 13. dxe5 dxe5 14. Qxd8 Rxd8
15. Bc5 Nc6 16. exf5 Bxf5 17. Bd5+ Kh8 18. Nc3 Nd4 19. Be4 Bxe4 20. Nxe4 Rd7
21. Rad1 Rad8 22. Kg2 b6 23. Bb4 c5 24. Bc3 Rf7 25. Rd3 Kg8 26. Rfd1 Rc7 27.
Rh1 Kf7 28. h4 Kg6 29. hxg5 hxg5 30. Bd2 Bf6 31. g4 Rf8 32. Rdh3 Ne6 33. Rh6+
Kf7 34. Rh7+ Kg8 35. Rxc7 Nxc7 36. Bxg5 Bxg5 37. Nxg5 Rf4 38. Kg3 Rxc4 39. Re1
Rc2 40. Rxe5 Nb5 41. f4 Rxb2 42. f5 Rd2 43. f6 Nd6 44. Re7 1-0

[Event "28. Obert La Pobla de Lillet"]
[Site "La Pobla de Lillet ESP"]
[Date "2018.08.02"]
[Round "2.9"]
[White "Ayza Ballester, Jordi"]
[Black "Corriguelas Armillas, Frederic"]
[Result "1-0"]
[WhiteElo "2198"]
[BlackElo "1918"]
[PlyCount "153"]
[EventDate "2018.08.01"]
[EventType "swiss"]
[EventRounds "9"]
[EventCountry "ESP"]
[SourceTitle "Ajedrez en Madrid"]
[Source "lmi"]
[SourceDate "2018.08.01"]
[SourceVersion "1"]
[SourceVersionDate "2019.06.15"]
[SourceQuality "1"]

1. e4 c5 2. Nf3 Nc6 3. Nc3 d6 4. d4 cxd4 5. Nxd4 Nf6 6. Bc4 e6 7. Bb3 Be7 8.
Be3 a6 9. Qe2 Qc7 10. f4 Bd7 11. O-O O-O 12. f5 Nxd4 13. Bxd4 e5 14. Be3 Bc6
15. Qf3 b5 16. Bg5 Rac8 17. Bxf6 Bxf6 18. a3 a5 19. Rad1 b4 20. axb4 axb4 21.
Nd5 Bxd5 22. Rxd5 Qb6+ 23. Kh1 Rc5 24. Rd3 d5 25. Rxd5 Rxd5 26. Bxd5 Be7 27.
Qg3 Qf6 28. Qd3 Rc8 29. Ra1 Qb6 30. Qb3 Rf8 31. Qc4 Qd4 32. Qxd4 exd4 33. e5
Rd8 34. Bc4 Rc8 35. b3 Kf8 36. Ra7 f6 37. e6 g6 38. g4 gxf5 39. gxf5 Rc5 40.
Ra8+ Kg7 41. Re8 Rc7 42. Kg2 Kh6 43. Rg8 Bd6 44. h3 Rg7+ 45. Rxg7 Kxg7 46. Kf3
Kf8 47. Ke4 Ke7 48. Kd5 Bf4 49. Bd3 Bd2 50. Kxd4 Bc3+ 51. Kc5 Kd8 52. Kc6 Ke7
53. Kc7 Be5+ 54. Kc8 Bc3 55. Bb5 Bd4 56. c4 bxc3 57. Bd3 Bc5 58. Kc7 Bb4 59.
Kc6 Kd8 60. Kb5 Bd6 61. Kc4 Be5 62. b4 Kc7 63. b5 Bd6 64. Kxc3 Kb6 65. Kd4 Be7
66. h4 Kc7 67. Kd5 Kb6 68. Ke4 Kc7 69. Kf3 Bf8 70. Kf4 Kb6 71. Kg4 Kc5 72. e7
Bxe7 73. Kh5 Kd4 74. Bb1 Kc5 75. Kh6 Kxb5 76. Kxh7 Kb4 77. Kg8 1-0

[Event "28. Obert La Pobla de Lillet"]
[Site "La Pobla de Lillet ESP"]
[Date "2018.08.02"]
[Round "2.10"]
[White "Vinals Rioja, Jaume"]
[Black "Simon Padros, Emili"]
[Result "1/2-1/2"]
[WhiteElo "1985"]
[BlackElo "2166"]
[PlyCount "95"]
[EventDate "2018.08.01"]
[EventType "swiss"]
[EventRounds "9"]
[EventCountry "ESP"]
[SourceTitle "Ajedrez en Madrid"]
[Source "lmi"]
[SourceDate "2018.08.01"]
[SourceVersion "1"]
[SourceVersionDate "2019.06.15"]
[SourceQuality "1"]

1. e4 e6 2. d4 d5 3. e5 c5 4. dxc5 Nc6 5. Nf3 Bxc5 6. Bd3 f6 7. Qe2 fxe5 8.
Nxe5 Nxe5 9. Qxe5 Nf6 10. O-O O-O 11. Nc3 Bd6 12. Qg5 e5 13. f3 Bd7 14. Qh4 Bc6
15. Bg5 h6 16. Bxf6 Qxf6 17. Qxf6 Rxf6 18. Bb5 Rd8 19. Bxc6 Bc5+ 20. Kh1 Rxc6
21. Rad1 Bd4 22. Nxd5 Rxc2 23. Nc3 Rxb2 24. f4 exf4 25. Rxf4 Bb6 26. Rxd8+ Bxd8
27. g3 Rc2 28. Rf3 Ba5 29. Nb5 a6 30. Nd6 b5 31. Ra3 Bb4 32. Rxa6 Bxd6 33. Rxd6
Rxa2 34. Rb6 Rb2 35. Rb7 b4 36. h4 h5 37. Rb5 g6 38. Rb7 b3 39. Kg1 Rb1+ 40.
Kf2 b2 41. Kg2 Kf8 42. Kh2 Ke8 43. Kg2 Kd8 44. Kh2 Kc8 45. Rb6 Kc7 46. Rb5 Kc6
47. Rb8 Kd5 48. Rd8+ 1/2-1/2

[Event "28. Obert La Pobla de Lillet"]
[Site "La Pobla de Lillet ESP"]
[Date "2018.08.03"]
[Round "3.1"]
[White "Gomez Jurado, Luis Alberto"]
[Black "Movsziszian, Karen"]
[Result "0-1"]
[WhiteElo "2256"]
[BlackElo "2536"]
[PlyCount "53"]
[EventDate "2018.08.01"]
[EventType "swiss"]
[EventRounds "9"]
[EventCountry "ESP"]
[SourceTitle "Ajedrez en Madrid"]
[Source "lmi"]
[SourceDate "2018.08.01"]
[SourceVersion "1"]
[SourceVersionDate "2019.06.15"]
[SourceQuality "1"]

1. c4 d6 2. g3 e5 3. Nc3 f5 4. d3 Nf6 5. Bg2 Be7 6. e4 c6 7. Nge2 Na6 8. O-O
O-O 9. h3 Qe8 10. exf5 Bxf5 11. g4 Bc8 12. Ng3 Qd8 13. Be3 Nc7 14. d4 Ne6 15.
Nf5 Nf4 16. dxe5 dxe5 17. Nxe7+ Qxe7 18. Bxf4 exf4 19. Re1 Qf7 20. Qd4 h5 21.
Qxf4 hxg4 22. hxg4 Bxg4 23. Ne4 Qh5 24. Nc3 Qc5 25. b4 Qxb4 26. Rab1 Qa5 27.
Re7 0-1